Effects of factor and product prices on factor demand, output supply and marketed surplus of major crops in Punjab (Record no. 13396)

MARC details
000 -LEADER
fixed length control field 00528nam a2200157Ia 4500
082 ## - DEWEY DECIMAL CLASSIFICATION NUMBER
Classification number TR.0131
100 ## - MAIN ENTRY--AUTHOR NAME
Personal name Ramesh Chand
245 #0 - TITLE STATEMENT
Title Effects of factor and product prices on factor demand, output supply and marketed surplus of major crops in Punjab
260 ## - PUBLICATION, DISTRIBUTION, ETC. (IMPRINT)
Year of publication 1984
Name of publisher Indian Agricultural Research Institute, New Delhi
300 ## - PHYSICAL DESCRIPTION
Number of Pages v.p. + C D - 51
650 ## - SUBJECT ADDED ENTRY--TOPICAL TERM
Topical Term SURPLUS AGRICULTURAL COMMODITIES - PUNJAB
650 ## - SUBJECT ADDED ENTRY--TOPICAL TERM
Topical Term FARM PRODUCE - RESEARCH
650 ## - SUBJECT ADDED ENTRY--TOPICAL TERM
Topical Term AGRICULTURE - PUNJAB
710 ## - ADDED ENTRY--CORPORATE NAME
Corporate name or jurisdiction name as entry element Kumar, P.
942 ## - ADDED ENTRY ELEMENTS (KOHA)
Koha item type Thesis
Source of classification or shelving scheme Dewey Decimal Classification
Holdings
Withdrawn status Lost status Damaged status Not for loan Home library Current library Date acquired Bill Date Full call number Accession Number Price effective from Koha item type
        NASSDOC Library NASSDOC Library 08/10/2004 2004-10-22 TR.0131 20124 18/04/2019 Thesis